| 000 | 00355nam a22001217a 4500 | ||
|---|---|---|---|
| 999 |
_c4929 _d4929 |
||
| 008 | 250422b ||||| |||| 00| 0 eng d | ||
| 020 | _a9781845060152 | ||
| 082 | _a823.92 GRA | ||
| 100 |
_aGRANT,NICOLA _eAUTHOR |
||
| 245 | _aCHAMELEON'S CRAZY COLOURS | ||
| 260 |
_a1 THE CODA CENTRE,189 MUNSTER ROAD,LONDON SW6 6AW _bLITTLE TIGER PRESS _c2005 |
||
| 942 | _2ddc | ||